<?xml version="1.0" encoding="UTF-8"?>
<marc:record xmlns:marc="http://www.loc.gov/MARC21/slim">
   <marc:leader>00000nam a2200000 a 4500</marc:leader>
   <marc:datafield ind1="1" ind2=" " tag="100">
      <marc:subfield code="a">Ritter, Kim</marc:subfield>
      <marc:subfield code="4">aut</marc:subfield>
      <marc:subfield code="e">Verfasser/-in</marc:subfield>
   </marc:datafield>
   <marc:datafield ind1="1" ind2=" " tag="100">
      <marc:subfield code="a">Voß, Heinz-Jürgen</marc:subfield>
      <marc:subfield code="4">aut</marc:subfield>
      <marc:subfield code="e">Verfasser/-in</marc:subfield>
   </marc:datafield>
   <marc:datafield ind1=" " ind2=" " tag="653">
      <marc:subfield code="a">Bisexualität</marc:subfield>
   </marc:datafield>
   <marc:datafield ind1=" " ind2=" " tag="653">
      <marc:subfield code="a">Sexualität</marc:subfield>
   </marc:datafield>
   <marc:datafield ind1=" " ind2=" " tag="653">
      <marc:subfield code="a">Lebensentwurf</marc:subfield>
   </marc:datafield>
   <marc:datafield ind1=" " ind2=" " tag="653">
      <marc:subfield code="a">Softcover / Soziologie/Frauenforschung</marc:subfield>
   </marc:datafield>
   <marc:datafield ind1=" " ind2=" " tag="653">
      <marc:subfield code="a">Geschlechterforschung</marc:subfield>
   </marc:datafield>
   <marc:datafield ind1="0" ind2="0" tag="245">
      <marc:subfield code="a">Being Bi</marc:subfield>
   </marc:datafield>
   <marc:datafield ind1="0" ind2="0" tag="245">
      <marc:subfield code="b">Bisexualität zwischen Unsichtbarkeit und Chic</marc:subfield>
   </marc:datafield>
   <marc:datafield ind1="0" ind2="0" tag="245">
      <marc:subfield code="c">Kim Ritter, Heinz-Jürgen Voß</marc:subfield>
   </marc:datafield>
   <marc:datafield ind1=" " ind2="1" tag="264">
      <marc:subfield code="a">Göttingen, Niedersachs</marc:subfield>
      <marc:subfield code="b">Wallstein</marc:subfield>
      <marc:subfield code="c">2019</marc:subfield>
   </marc:datafield>
   <marc:datafield ind1="1" ind2=" " tag="490">
      <marc:subfield code="a">Hirschfeld-Lectures</marc:subfield>
      <marc:subfield code="v">13</marc:subfield>
   </marc:datafield>
   <marc:datafield ind1=" " ind2=" " tag="250">
      <marc:subfield code="a">1. Auflage</marc:subfield>
   </marc:datafield>
   <marc:datafield ind1="1" ind2=" " tag="520">
      <marc:subfield code="a">Angaben aus der Verlagsmeldung

Being Bi : Bisexualität zwischen Unsichtbarkeit und Chic / von Kim Ritter, Heinz-Jürgen Voß

Wer bestimmt, was Bisexualität oder wann wer bisexuell ist? Warum bestimmen bisexuelle Stimmen so wenige Debatten, wo es doch die zugrundeliegende Bestimmung aller Menschen zu sein scheint?

Anfang des 20. Jahrhunderts entwickelte Magnus Hirschfeld seine zentrale Vorstellung der sexuellen Zwischenstufen als grundsätzliche Bisexualität eines jeden Menschen.
Wenn Menschen demnach also grundlegend bisexuelle Wesen sind, warum begegnet uns das Thema dann so selten? Einerseits sind bisexuelle Menschen in der Alltagswelt und in Community-Debatten kaum als solche sichtbar, andererseits jedoch scheinen sich Prominente durchaus bereitwillig zu ihrer Bisexualität zu bekennen. Woher rührt dieser eigenartige Widerspruch zwischen Unsichtbarkeit und Chic? Und: Wo steht eigentlich das B im Verhältnis zu LSTTIQ? Die 13. Hirschfeld Lecture versucht Antworten auf genau diese Fragen zu finden.
In diesem Band begegnen wir dem Thema Bisexualität aus zwei Blickwinkeln: Heinz-Jürgen Voß stellt theoretische Zugänge zu Fragen geschlechtlicher und sexueller Entwicklung vor und beschäftigt sich aus einem kultur- und sexualwissenschaftlichen Blickwinkel mit menschlicher Sexualität. Aus soziologischer Perspektive spricht Kim Ritter ausgehend von lebensgeschichtlichen Interviews über die alltäglichen Lebensentwürfe und Erfahrungen bisexueller Menschen zwischen Anerkennung und Missachtung.
</marc:subfield>
   </marc:datafield>
   <marc:datafield ind1=" " ind2=" " tag="020">
      <marc:subfield code="a">9783835334021</marc:subfield>
      <marc:subfield code="9">9783835334021</marc:subfield>
   </marc:datafield>
   <marc:datafield ind1=" " ind2=" " tag="020">
      <marc:subfield code="a">3835334026</marc:subfield>
      <marc:subfield code="9">3835334026</marc:subfield>
   </marc:datafield>
   <marc:datafield ind1=" " ind2=" " tag="041">
      <marc:subfield code="a">ger</marc:subfield>
   </marc:datafield>
   <marc:datafield ind1=" " ind2=" " tag="300">
      <marc:subfield code="a">63 Seiten</marc:subfield>
   </marc:datafield>
</marc:record>
